Методические рекомендации к изучению и картированию вулканических комплексов

Bibliografische gegevens
Hoofdauteur: Белоусов А. Ф.
Taal:Russisch
Gepubliceerd in: Новосибирск, Изд-во СНИИГГиМС, 1998
Onderwerpen:
Formaat: Boek
KOHA link:https://koha.lib.tpu.ru/cgi-bin/koha/opac-detail.pl?biblionumber=8961

MARC

LEADER 00000nam0a2200000 4500
001 8961
005 20231030182210.0
035 |a (RuTPU)RU\TPU\book\9011 
035 |a BOOK00009071 
090 |a 8961 
100 |a 20011209d1998 m y0rusy50 ca 
101 0 |a rus 
102 |a RU 
105 |a y z 000zy 
200 1 |a Методические рекомендации к изучению и картированию вулканических комплексов  |f А. Ф. Белоусов 
210 |a Новосибирск  |c Изд-во СНИИГГиМС  |d 1998 
215 |a 88 с. 
610 1 |a вулканические породы 
610 1 |a картирование 
610 1 |a геологическая съемка 
610 1 |a методические рекомендации 
675 |a 550.8:528  |v 3 
675 |a 553.53  |v 3 
700 1 |a Белоусов  |b А. Ф. 
801 0 |a RU  |b 63413507  |c 20011209  |g PSBO 
801 2 |a RU  |b 63413507  |c 20070709  |g PSBO 
942 |c BK